ข้ามภพรักฟาโรห์ (Record no. 37626)
[ view plain ]
| 000 -LEADER | |
|---|---|
| fixed length control field | 01844nam a22002177a 4500 |
| 003 - CONTROL NUMBER IDENTIFIER | |
| control field | TH-BaNU |
| 005 - DATE AND TIME OF LATEST TRANSACTION | |
| control field | 20230404113224.0 |
| 008 - FIXED-LENGTH DATA ELEMENTS--GENERAL INFORMATION | |
| fixed length control field | 230404b2022 TH ||||| |||| 00| 0 tha d |
| 020 ## - INTERNATIONAL STANDARD BOOK NUMBER | |
| International Standard Book Number | 9786162401121 |
| 040 ## - CATALOGING SOURCE | |
| Original cataloging agency | TH-BaNU |
| 100 ## - MAIN ENTRY--PERSONAL NAME | |
| Personal name | กานจ์แก้ว |
| 245 ## - TITLE STATEMENT | |
| Title | ข้ามภพรักฟาโรห์ |
| 260 ## - PUBLICATION, DISTRIBUTION, ETC. | |
| Place of publication, distribution, etc. | กรุงเทพฯ: |
| Name of publisher, distributor, etc. | กรีนมายด์: |
| Date of publication, distribution, etc. | 2565 |
| 300 ## - PHYSICAL DESCRIPTION | |
| Extent | 200 หน้า |
| 520 ## - SUMMARY, ETC. | |
| Summary, etc. | "อรสา" สาวมั่นและทันสมัยและ "กาญวดี" สาวน้อยสดใสร่าเริง ทั้งคู่ถูกลิขิตแห่งเทพให้ต้องจากยุคปัจจุบันไปสู่ยุคอียิปต์โบราณและได้พบรักกับฟาโรห์หนุ่มรูปงามแต่เส้นทางความรักของสองสาว ก็ไม่ได้ราบรื่นอย่างที่คิดเมื่อต้องไปเจอกับอุปสรรคชิ้นโต ความรัก ความแค้นและการแย่งชิง กำลังจะเริ่มขึ้นความรักต่างภพจะเป็นไปได้หรือไม่? แล้วใครจะช่วยให้หญิงสาวทั้งสองผ่านพ้นอุปสรรคไปได้ มาร่วมย้อนอดีตไปพร้อมกันได้ที่นี่ "ข้ามภพรักฟาโรห์" |
| 650 ## - SUBJECT ADDED ENTRY--TOPICAL TERM | |
| Topical term or geographic name entry element | วรรณกรรม |
| 850 ## - HOLDING INSTITUTION | |
| Holding institution | Kuakarun Nursing Library |
| 856 ## - ELECTRONIC LOCATION AND ACCESS | |
| Uniform Resource Identifier | <a href="https://se-ed.belibcloud.com/book-detail/18306">https://se-ed.belibcloud.com/book-detail/18306</a> |
| Link text | se-ed e-library |
| 942 ## - ADDED ENTRY ELEMENTS (KOHA) | |
| Source of classification or shelving scheme | Local Classification |
| Koha item type | Electronic books |
| 998 ## - STAFF NAME (NMU) | |
| Cataloger | bee |
| Withdrawn status | Lost status | Source of classification or shelving scheme | Damaged status | Not for loan | Home library | Current library | Shelving location | Date acquired | Total Checkouts | Barcode | Date last seen | Price effective from | Koha item type |
|---|---|---|---|---|---|---|---|---|---|---|---|---|---|
| Local Classification | Online Access | Kuakarun Nursing Library | Kuakarun Nursing Library | Processing unit | 04/04/2023 | eb37626 | 04/04/2023 | 04/04/2023 | Electronic books |
